000 00475nam a2200181Ia 4500
001 3326
005 20260306145635.0
008 260306t2004||||xx |||||||||||||| ||spa||
041 _aESP
082 _a270
_bB26
100 _aBastian, Jean-Pierre
_eAUT
245 0 _aLa modernidad religiosa:
_bEuropa latina y América Latina en perspectiva comparada
260 _c2004
300 _a368 páginas :
_c23 cm.
650 _aGEN
654 _aCHU
942 _cLIB
_dJUS
_fJUS
_2ddc
_n
999 _c3326
_d3326